000 01201njm a22003017a 4500
005 20100917160954.0
006 a|||||r|||||00| 0
007 sd ammalaaahaa
008 100831t xxu||||| |||| 00| 0 eng d
028 _bHis Master's Voice
035 _aGR-05125
040 _aSED
_cSED
100 _aPaudwal, Anuradha
_917690
245 _aHindi bhajans /
_cby Anuradha paudwal ; music by Praduman sharma; lyrics Bharat Acharya
_h[Sound Recording] :
246 _aहिंदी भजनस/अनुराधा पौडवाल द्वारा
260 _aDum Dum India
_bHis Master's Voice
_c1982
300 _a1 sound disc (Gramophone Recording)
_banalog 33 1/3 rpm
_c12 in. (LP)
_fGramophone Record
500 _aBrief Record
500 _aRecord label:His Master's Voice;Red
505 _aSide-1 Man mathura tan vrindavan -- Side-2 Ghanan ghanan ghanshyam (Anuradha Paudwal)
600 _aKapoor, Mahendra
_920600
650 _aFilm songs
_xExcerpts
_zIndia
_917691
700 _aSharma, Praduman
_920848
700 _920850
_aAcharya, Bharat
700 _920849
942 _2ddc
_cGR
999 _c47168
_d47168